Design and integration of aerodynamic compensating pitot static tube for a supersonic aircraft (Record no. 297670)
[ view plain ]
| 000 -LEADER | |
|---|---|
| fixed length control field | 00614 a2200169 4500 |
| 001 - CONTROL NUMBER | |
| control field | 62597 |
| 082 ## - DEWEY DECIMAL CLASSIFICATION NUMBER | |
| Classification number | 629.134353 ADN / PR 1425 |
| 090 ## - LOCALLY ASSIGNED LC-TYPE CALL NUMBER (OCLC); LOCAL CALL NUMBER (RLIN) | |
| -- | 37202 |
| -- | 37202 |
| 100 ## - MAIN ENTRY--PERSONAL NAME | |
| Personal name | Adnan Latif Mughal |
| 245 ## - TITLE STATEMENT | |
| Title | Design and integration of aerodynamic compensating pitot static tube for a supersonic aircraft |
| 260 ## - PUBLICATION, DISTRIBUTION, ETC. | |
| Place of publication, distribution, etc. | Risalpur |
| Name of publisher, distributor, etc. | Aerospace Engg Dept, CAE NUST, Risalpur |
| Date of publication, distribution, etc. | 2004 |
| 300 ## - PHYSICAL DESCRIPTION | |
| Extent | xv, 96p. |
| 500 ## - GENERAL NOTE | |
| General note | MS thesis |
| 600 ## - SUBJECT ADDED ENTRY--PERSONAL NAME | |
| General subdivision | pitot static tube for a supersonic aircraft |
| 650 ## - SUBJECT ADDED ENTRY--TOPICAL TERM | |
| Topical term or geographic name entry element | pitot static tube for a supersonic aircraft |
| 655 ## - INDEX TERM--GENRE/FORM | |
| Genre/form data or focus term | pitot static tube for a supersonic aircraft |
| 942 ## - ADDED ENTRY ELEMENTS (KOHA) | |
| Institution code [OBSOLETE] | NUST-CAE |
| Call number prefix | 629.134353 ADN / PR 1425 |
| Withdrawn status | Lost status | Damaged status | Not for loan | Collection code | Permanent Location | Current Location | Date acquired | Total Checkouts | Full call number | Barcode | Date last seen | Price effective from | Koha item type |
|---|---|---|---|---|---|---|---|---|---|---|---|---|---|
| College of Aeronautical Engineering (CAE) | College of Aeronautical Engineering (CAE) | 04/03/2017 | 629.134353 ADN / PR 1425 | CAEG-5692 | 04/05/2017 | 04/05/2017 | Book | ||||||
| College of Aeronautical Engineering (CAE) | College of Aeronautical Engineering (CAE) | 04/03/2017 | 629.134353 ADN / PR 1425 | CAEPR-1425 | 04/05/2017 | 04/05/2017 | Book |
